Overlapping States Quiz Stats

 Plays Quiz Updated Feb 18, 2017

Support Sporcle.
Go Orange.
Score 0/10 Timer 06:00
2 Plays Today
% Correct
Hawaii
93.3%
California
91.2%
Mississippi
90.3%
Pennsylvania
86.9%
New Mexico
85.7%
New Hampshire
84.3%
Texas
79.1%
Maine
75.8%
Utah
71.9%
Vermont
38.2%

You're not logged in!

Compare scores with friends on all Sporcle quizzes.
OR
Log In
Forgot?

From the Vault

In 6 Languages: Weather

by markassonne

If there's a big storm outside, could you call it a rain of terror?
Remove Ads.
Support Sporcle.
Get the best of Sporcle when you Go Orange. This ad-free experience offers more features, more stats, and more fun while also helping to support Sporcle. Thank you for becoming a member.

Show Comments

Extras

Top Quizzes Today


Score Distribution

Your Account Isn't Verified!

In order to create a playlist on Sporcle, you need to verify the email address you used during registration. Go to your Sporcle Settings to finish the process.

Report this User

Report this user for behavior that violates our Community Guidelines.

Details: